| 000 | 00852cam a22002291 4500 | ||
|---|---|---|---|
| 001 | sa 66002372 | ||
| 003 | DLC | ||
| 005 | 20260227112229.0 | ||
| 008 | 730731s1963 ii a 000 0 eng | ||
| 010 | _asa 66002372 | ||
| 035 | _a(OCoLC)666554 | ||
| 040 |
_aDLC _cOAU _dNSyU _dDLC |
||
| 042 | _apremarc | ||
| 050 | 0 | 0 |
_aHG3883.I4 _bR43 |
| 110 | 2 | _aReserve Bank of India. | |
| 245 | 1 | 0 | _aIndia's balance of payments, 1948-49 to 1961-62. |
| 260 |
_aBombay, _c1963. |
||
| 300 |
_aviii, 149 p. _bcol. illus. _c28 cm. |
||
| 500 | _a"The third in the series of the Bank's publications on India's balance of payments, the first of which appeared in May 1953 [issued by the Balance of Payments Division]" | ||
| 650 | 0 |
_aBalance of payments _zIndia. |
|
| 710 | 2 |
_aReserve Bank of India. _bBalance of Payments Division. _tIndia's balance of payments, 1948-51. |
|
| 999 |
_c68339 _d68339 |
||